Antología rokhiana
Salvato in:
| Autore principale: | |
|---|---|
| Natura: | Libro |
| Lingua: | spagnolo |
| Pubblicazione: |
Santiago
Ediciones Tácitas
2016
|
| Edizione: | 1a. ed |
| Serie: | Edición Crítica
|
| Soggetti: | |
| Tags: |
Aggiungi Tag
Nessun Tag, puoi essere il primo ad aggiungerne!!
|
MARC
| LEADER | 00000cam a2200000 a 4500 | ||
|---|---|---|---|
| 001 | UCC0343 | ||
| 003 | CL-VaPUC | ||
| 008 | 170804e20161200cl |||||||||||||||||spa|d | ||
| 020 | |a 9789568268992 | ||
| 082 | 0 | 4 | |a Ch861 |b ROK |2 21 |
| 100 | |a Rokha, Pablo de |e autor |9 506833 | ||
| 245 | 1 | 0 | |a Antología rokhiana |
| 250 | |a 1a. ed | ||
| 300 | |a 400 p | ||
| 942 | |c BK | ||
| 945 | |d 20170804 10:39:00 |a arojas | ||
| 260 | |a Santiago |b Ediciones Tácitas |c 2016 | ||
| 650 | 0 | |a Poesías chilenas |9 265280 | |
| 650 | 0 | |a Literatura chilena |9 308278 | |
| 650 | 0 | |a Antologías |9 309836 | |
| 583 | |a last modification |c 20170804 10:39:00 |k Rodrigo Vera | ||
| 490 | 0 | |a Edición Crítica | |
| 999 | |c 369199 |d 369197 | ||
| 952 | |0 0 |1 0 |3 erb |4 0 |6 CH_861_000000000000000_ROK_2016 |7 0 |8 A |9 484794 |a BIBART |b BIBART |i 5412382 |l 2 |o Ch861 ROK 2016 |p 5412382 |r 2025-03-13 |s 2022-10-12 |w 2019-11-24 |y BK |z Catalogado en:20170804 |k ART | ||